| 000 | 00891nam a2200205 u 4500 | ||
|---|---|---|---|
| 001 | 000752323 | ||
| 003 | AM-YeHGA | ||
| 005 | 20250617143608.0 | ||
| 008 | 100721s1985 ||| r 000 0 rus d | ||
| 040 | _aAM-YeHGA | ||
| 041 | 0 | _arus | |
| 100 | 1 | _aАлдерсонс, Альбертс Албертович | |
| 245 | 1 | 0 |
_aМеханизмы электродермальных реакций / _cА.А. Алдерсонс; Латв. НИИ эксперим. и клинич. медицины. |
| 260 |
_aРига : _bЗинатне, _c1985. |
||
| 300 |
_a130 с. : _bил. |
||
| 504 | _aБиблиогр.: с. 116-129 | ||
| 653 | 0 | _aКожа - Электрические свойства | |
| 710 | 2 | _aЛатвийский научно-исследовательский институт экспериментальной и клинической медицины | |
| 090 | _c279641 | ||
| 999 |
_c277990 _d277990 |
||